Catálogo

El intelectual y la sociedad / (Registro nro. 63310)

Detalles MARC
000 -LEADER
fixed length control field 01119cam a2200337 i 4500
001 - CONTROL NUMBER
control field 63310
003 - CONTROL NUMBER IDENTIFIER
control field Mx-PuUPA
005 - DATE AND TIME OF LATEST TRANSACTION
control field 20250708120932.0
008 - FIXED-LENGTH DATA ELEMENTS--GENERAL INFORMATION
fixed length control field 150808s1988 mx r 000 0 spa d
020 ## - INTERNATIONAL STANDARD BOOK NUMBER
International Standard Book Number 9682314445
040 ## - CATALOGING SOURCE
Original cataloging agency MX-PuUPA
Language of cataloging spa
Description conventions rda
Transcribing agency Mx-PuUPA
Modifying agency Mx-PuUPA
041 0# - LANGUAGE CODE
Language code of text/sound track or separate title spa
043 ## - GEOGRAPHIC AREA CODE
Geographic area code cl-----
100 1# - MAIN ENTRY--PERSONAL NAME
Personal name Dalton, Roque,
Dates associated with a name 1935-1975
9 (RLIN) 6072
Relator term autor
245 13 - TITLE STATEMENT
Title El intelectual y la sociedad /
Statement of responsibility, etc. Roque Dalton, René Depestre, Edmundo Desnoes [y otros tres]
250 ## - EDITION STATEMENT
Edition statement Quinta edición
264 #1 - PRODUCTION, PUBLICATION, DISTRIBUTION, MANUFACTURE, AND COPYRIGHT NOTICE
Place of production, publication, distribution, manufacture México, D.F: :
Name of producer, publisher, distributor, manufacturer Siglo XXI Editores,
Date of production, publication, distribution, manufacture, or copyright notice 1988
300 ## - PHYSICAL DESCRIPTION
Extent 101 páginas ;
Dimensions 18 cm
336 ## - CONTENT TYPE
Content type term texto
Fuente rdacontent
Content type code txt
337 ## - MEDIA TYPE
Media type term sin medio
Source rdamedia
Media type code n
338 ## - CARRIER TYPE
Carrier type term volumen
Source rdacarrrier
Carrier type code nc
490 0# - SERIES STATEMENT
Series statement El hombre y sus obras
650 #7 - SUBJECT ADDED ENTRY--TOPICAL TERM
Topical term or geographic name entry element América Latina
General subdivision Política y gobierno
Chronological subdivision 1948-1980
Source of heading or term armarc
650 #7 - SUBJECT ADDED ENTRY--TOPICAL TERM
Topical term or geographic name entry element América Latina
General subdivision Vida intelectual
Source of heading or term armarc
700 1# - ADDED ENTRY--PERSONAL NAME
Personal name Dalton, Roque,
Relator term autor
700 1# - ADDED ENTRY--PERSONAL NAME
Personal name Depestre, René,
Relator term autor
700 1# - ADDED ENTRY--PERSONAL NAME
Personal name Desnoes, Edmundo,
Relator term autor
942 ## - ADDED ENTRY ELEMENTS (KOHA)
Source of classification or shelving scheme Dewey Decimal Classification
Koha item type Libro
Classification part 305.552
Item part D36
Existencias
Withdrawn status Lost status Source of classification or shelving scheme Damaged status Not for loan Collection code Home library Current library Shelving location Date acquired Source of acquisition Total Checkouts Full call number Barcode Date last seen Price effective from Koha item type
    Dewey Decimal Classification     General Biblioteca Karol Wojtyla Biblioteca Karol Wojtyla Sala general 27/11/2017 Compra   305.552 D36 1988 97447 05/01/2026 27/11/2017 Libro
    Dewey Decimal Classification     General Tehuacán Tehuacán Sala general 08/08/2015 Compra   302 DAL 1988 509904 08/01/2025 08/08/2015 Libro